DISEASE OF THE NOSE ,THROAT & EAR (Record no. 4059)

MARC details
000 -LEADER
fixed length control field 00360nam a2200145Ia 4500
008 - FIXED-LENGTH DATA ELEMENTS--GENERAL INFORMATION
fixed length control field 150201s1987 xx 000 0 und d
082 ## - DEWEY DECIMAL CLASSIFICATION NUMBER
Classification number 616
Item number D1987H
100 ## - MAIN ENTRY--PERSONAL NAME
Personal name HALL,I.SIMAN
245 ## - TITLE STATEMENT
Title DISEASE OF THE NOSE ,THROAT & EAR
250 ## - EDITION STATEMENT
Edition statement 13TH
260 ## - PUBLICATION, DISTRIBUTION, ETC. (IMPRINT)
Name of publisher, distributor, etc. CHURCHILL LIVINGSTONE
Place of publication, distribution, etc. EDINBURGH
Date of publication, distribution, etc. 1987
300 ## - PHYSICAL DESCRIPTION
Extent 1-404
650 ## - SUBJECT ADDED ENTRY--TOPICAL TERM
Topical term or geographic name as entry element MEDICINE
942 ## - ADDED ENTRY ELEMENTS (KOHA)
Source of classification or shelving scheme Dewey Decimal Classification
Koha item type Books
Holdings
Withdrawn status Lost status Source of classification or shelving scheme Damaged status Not for loan Home library Current library Date acquired Source of acquisition Cost, normal purchase price Serial Enumeration / chronology SGTU Bill Number Total Checkouts Full call number Barcode Date last seen Bill Date Koha item type
    Dewey Decimal Classification     SGT Dental Library SGT Dental Library 10/06/2008 U.B.S.DELHI 270.00 1 SGTU 1023   616 D1987H FD5326 09/02/2015 04/02/2013 Books
    Dewey Decimal Classification     SGT Dental Library SGT Dental Library 10/06/2008 U.B.S.DELHI 270.00 1 SGTU 1023   616 D1987H FD5327 09/02/2015 04/02/2013 Books
    Dewey Decimal Classification     SGT Dental Library SGT Dental Library 10/06/2008 U.B.S.DELHI 270.00 1 SGTU 1023   616 D1987H FD5328 09/02/2015 04/02/2013 Books
    Dewey Decimal Classification     SGT Dental Library SGT Dental Library 10/06/2008 U.B.S.DELHI 270.00 1 SGTU 1023   616 D1987H FD5329 09/02/2015 04/02/2013 Books
    Dewey Decimal Classification     SGT Dental Library SGT Dental Library 10/06/2008 U.B.S.DELHI 270.00 1 SGTU 1023   616 D1987H FD5330 09/02/2015 04/02/2013 Books